000 00595nam a2200193 i 4500
001 bg
100 1 _aGODŁOWSKI, Kazimierz
245 0 _aHistoria starożytna ziem polskich /
_cKazimierz Godłowski, Janusz K. Kozłowski.
250 _aWyd. 5 uzup.
260 _aWarszawa :
_bPaństw. Wydawn. Nauk.,
_c1983.
300 _as. 191, nlb. 5 :
_bilustr., rys., tabl. nlb. 4 ;
_cmapy.
504 _a[Zawiera bibliogr. s. 190-192].
700 1 _aKOZŁOWSKI, Janusz K.
040 _cBPK
041 _apol
080 _a903(438)(075.8)
942 _cKS
008 s pl f |000 0 pol
999 _c22249
_d22249
856 _uhttp://koha.tu.koszalin.pl/cgi-bin/koha/opac-detail.pl?biblionumber=22249
_yKatalog online BPK